Principles of Physical Chemistry (Record no. 13041)

MARC details
000 -LEADER
fixed length control field 00428nam a22001817a 4500
003 - CONTROL NUMBER IDENTIFIER
control field OSt
008 - FIXED-LENGTH DATA ELEMENTS--GENERAL INFORMATION
fixed length control field 250129b |||||||| |||| 00| 0 eng d
020 ## - INTERNATIONAL STANDARD BOOK NUMBER
International Standard Book Number 9789391247355
082 ## - DEWEY DECIMAL CLASSIFICATION NUMBER
Classification number 541
Item number PUP
100 ## - MAIN ENTRY--PERSONAL NAME
Personal name PURI,BR
245 ## - TITLE STATEMENT
Title Principles of Physical Chemistry
250 ## - EDITION STATEMENT
Edition statement 1st Ed
260 ## - PUBLICATION, DISTRIBUTION, ETC. (IMPRINT)
Place of publication, distribution, etc Jalandhar
Name of publisher, distributor, etc Vishal Publishing Co
300 ## - PHYSICAL DESCRIPTION
Extent 1393
700 ## - ADDED ENTRY--PERSONAL NAME
Personal name SHARMA,LR
700 ## - ADDED ENTRY--PERSONAL NAME
Personal name PATHANIA,MADAN S
942 ## - ADDED ENTRY ELEMENTS (KOHA)
Source of classification or shelving scheme Dewey Decimal Classification
Koha item type Text Books
Holdings
Withdrawn status Lost status Source of classification or shelving scheme Damaged status Not for loan Collection code Home library Current library Date acquired Source of acquisition Currency Cost, normal purchase price Bill Number Total Checkouts Full call number Acc. no. / Barcode Date last seen Actual Cost, discounted price Bill Date Koha item type Public note
    Dewey Decimal Classification     Applied Sc. PIET C-LIBRARY PIET C-LIBRARY 07/01/2025 Bokaro Students Friend Pvt LTD INR 980.00 ND2/SA/232448   541 PUP 38622 29/01/2025 784.00 07/01/2025 Reference Books Decentralization

Design & Developed by: PIET Central Library
R70 Miles Stone Pattikalyana Samalkha Panipat 132102
mail ID :- [email protected], Phone No:- 0180-2569700 Ex.216